Portfoliomanagement aus der sicht der Theorie und Praxis <die> Portfoliostrategien vor dem Hintergrund der globalen Wirtschafts- und Finanzkrise : monographie

Saved in:
Bibliographic Details
Main Author: Kastrati, Ilir
Other Authors: Markovič, Peter, 1974-, Majtán, Miroslav, Šlahor, Ľudomír
Format: Book
Language:German
Published: Bratislava KARTPRINT 2017
Edition:1. vyd.
Subjects:
Tags: Add Tag
No Tags, Be the first to tag this record!

MARC

LEADER 00000nam a2200000 4500
001 0235199
005 20240502073816.8
020 |a 978-80-89553-50-1 
041 0 |a ger 
044 |a SK 
245 1 0 |a Portfoliomanagement aus der sicht der Theorie und Praxis  |b <die> Portfoliostrategien vor dem Hintergrund der globalen Wirtschafts- und Finanzkrise : monographie  |c Ilir Kastrati, Peter Markovič ; recenzenti/gutachter: Miroslav Majtán, Ľudomír Šlahor 
250 |a 1. vyd. 
264 1 |a Bratislava  |b KARTPRINT  |c 2017 
300 |a 140 s. [7,95 AH] 
610 2 0 |a manažment 
610 2 0 |a portfólio 
610 2 0 |a kríza finančná 
610 2 0 |a kríza hospodárska 
100 1 |a Kastrati, Ilir 
700 1 |a Markovič, Peter, 1974- 
700 1 |a Majtán, Miroslav 
700 1 |a Šlahor, Ľudomír